[Event "HCL-E1539"]
[Site "www.playchess.de"]
[Date "2006.02.03"]
[Round "33"]
[White "HOTSUN"]
[Black "Matu"]
[WhiteElo "1626"]
[BlackElo "1506"]
[PlyCount "93"]
[Result "1-0"]

1.e4 c6 2.g3 e5 3.Bg2 d6 4.c3 Be7 5.d4 Nf6 6.dxe5 
dxe5 7.Qxd8+ Bxd8 8.f3 O-O 9.Na3 Bb6 10.Nc4 Bc7 
11.Bg5 Be6 12.Bf1 Nbd7 13.O-O-O h6 14.Be3 Nb6 
15.Bxb6 axb6 16.a3 Rfd8 17.Nh3 Rxd1+ 18.Kxd1 Kf8 
19.Kc2 Rd8 20.Ne3 g6 21.Nf2 Ke7 22.Be2 Ne8 23.Rd1 
Rxd1 24.Nfxd1 f5 25.exf5 gxf5 26.Nf2 Nf6 27.Bc4 
Bxc4 28.Nxc4 Ke6 29.Ne3 Nd5 30.Kd3 Nxe3 31.Kxe3 
Bd6 32.b4 c5 33.b5 c4 34.a4 Bc5+ 35.Ke2 Bxf2 
36.Kxf2 h5 37.Ke3 Kd5 38.h3 Kc5 39.g4 fxg4 40.fxg4 
hxg4 41.hxg4 Kd5 42.g5 e4 43.g6 Ke6 44.g7 Kf7 
45.Kxe4 Kxg7 46.Ke5 Kf7 47.Kd6 {i think that move 
has finished you.i was expecting g6} 
 1-0

[Event "HCL-M879"]
[Site "www.playchess.de"]
[Date "2006.02.03"]
[Round "17"]
[White "slimsboy"]
[Black "Faroe_Bamsa"]
[WhiteElo "1915"]
[BlackElo "2270"]
[PlyCount "40"]
[Result "0-1"]

1.d4 {Aloha again, good luck!}  Nf6 {Hi, and a 
*._.*._.* HAPPY NEW YEAR *._.*._.* Nice to meet 
again. I hope we will have an other good game. May 
the best player win - good luck to you too :o)}  
2.c4 {I don't want the best player to win, the 
best player won the last time! I want to get 
lucky! :o)}  e6 {Who knows...? ;o)}  3.Nf3 d5 
4.Nc3 c6 5.Bg5 Nbd7 6.cxd5 exd5 7.e3 Bd6 8.Bd3 O-O 
9.O-O Re8 10.Qc2 Nf8 11.Rab1 Ng6 12.b4 h6 13.Bxf6 
Qxf6 14.Rfc1 Bg4 15.Nd2 Nh4 16.g3 Nf3+ 17.Nxf3 
Bxf3 18.b5 c5 19.dxc5 Bxc5 20.Be2 
Rxe3 0-1

[Event "HCL-A2557"]
[Site "www.playchess.de"]
[Date "2006.02.03"]
[Round "4"]
[White "Deep_Trouble"]
[Black "earlyrunner"]
[WhiteElo "1652"]
[BlackElo "1600"]
[PlyCount "25"]
[Result "1-0"]

1.d4 {Welcome to our match.}  d5 2.Nf3 Nf6 3.Bg5 
e6 4.Nbd2 c5 5.e3 Nc6 6.Bb5 a6 7.Bxc6+ bxc6 8.O-O 
cxd4 9.exd4 c5 10.c4 Bb7 11.Ne5 cxd4 12.Qa4+ Ke7 
13.Qb4+ 1-0

[Event "HCL-A2579"]
[Site "www.playchess.de"]
[Date "2006.02.03"]
[Round "9"]
[White "maus"]
[Black "Nulnulnix"]
[WhiteElo "1367"]
[BlackElo "1297"]
[PlyCount "33"]
[Result "1-0"]

1.e4 {hello}  e5 {Hi, enjoy this game}  2.Nf3 d6 
3.Bc4 Nf6 4.Nc3 Bg4 5.h3 Bh5 6.g4 Nxg4 7.hxg4 Bxg4 
8.Rg1 h5 9.Be2 Nc6 10.Rh1 g6 11.d4 Bxf3 12.Bxf3 
Nxd4 13.Be3 Nxf3+ 14.Qxf3 Qd7 15.Bg5 Bh6 16.Qf6 
Bxg5 17.Qxh8+ {?}  1-0

[Event "HCL-A2582"]
[Site "www.playchess.de"]
[Date "2006.02.03"]
[Round "1"]
[White "peta"]
[Black "micimaci"]
[WhiteElo "1403"]
[BlackElo "1900"]
[PlyCount "76"]
[Result "0-1"]

1.e4 e6 {e7-e6}  2.Nf3 d5 {d7-d5}  3.Bd3 Nf6 
{Ng8-f6}  4.Qe2 dxe4 {d5xe4}  5.Bxe4 Nxe4 {Nf6xe4} 
 6.Qxe4 Be7 {Bf8-e7}  7.d3 O-O {O-O}  8.Qg4 Bf6 
{Be7-f6}  9.Qg3 Nc6 {Nb8-c6}  10.Nc3 Nb4 {Nc6-b4}  
11.O-O Nxc2 {Nb4xc2}  12.Rb1 Qxd3 {Qd8xd3}  13.Bh6 
Nd4 {Nc2-d4}  14.Rbd1 Nxf3+ {Nd4xf3+}  15.gxf3 Qg6 
{Qd3-g6}  16.Qxg6 hxg6 {h7xg6}  17.Bf4 e5 {e6-e5}  
18.Bc1 c6 {c7-c6}  19.f4 Be6 {Bc8-e6}  20.Ne4 Bxa2 
{Be6xa2}  21.Nxf6+ gxf6 {g7xf6}  22.f5 Rfd8 
{Rf8-d8}  23.Rde1 Bc4 {Ba2-c4}  24.Kh1 Bxf1 
{Bc4xf1}  25.Rxf1 Kg7 {Kg8-g7}  26.Re1 g5 {g6-g5}  
27.b3 Rd3 {Rd8-d3}  28.Ba3 Rxb3 {Rd3xb3}  29.Be7 
Rf3 {Rb3-f3}  30.Re4 Rxf2 {Rf3xf2}  31.h4 Rh8 
{Ra8-h8}  32.Kg1 Rf4 {Rf2-f4}  33.Re3 Rhxh4 
{Rh8xh4}  34.Ra3 Rxf5 {Rf4xf5}  35.Rxa7 b5 {b7-b5} 
 36.Rb7 Rg4+ {Rh4-g4}  37.Kh2 Rf3 {Rf5-f3}  
38.Rxb5 cxb5 {c6xb5}  0-1

[Event "HCL-C4146"]
[Site "www.playchess.de"]
[Date "2006.02.03"]
[Round "2"]
[White "epenz"]
[Black "Tribun"]
[WhiteElo "932"]
[BlackElo "767"]
[PlyCount "39"]
[Result "1-0"]

1.e4 e5 2.Nf3 Nf6 3.d3 d6 4.Be2 Be6 5.O-O Be7 6.c4 
Qd7 7.Nc3 Nc6 8.Be3 O-O-O 9.a3 h6 10.h3 g5 11.b4 
Nh5 12.b5 Bxh3 13.bxc6 Qg4 14.g3 Nxg3 15.Nh2 Qh4 
{very smart!!! shit I was so sure}  16.cxb7+ 
{fast...aber fehlt nicht so viel...}  Kb8 
{nanu!!.....Deutsch??}  17.Bg4 {ja...etwas...}  h5 
18.Bxa7+ {schoen gespielt...aber...}  Kxa7 19.Qa4+ 
Kxb7 20.Rab1+ {schoen gespielt...schoenes 
Wochenende!}  1-0

[Event "HCL-B3811"]
[Site "www.playchess.de"]
[Date "2006.02.03"]
[Round "10"]
[White "maus"]
[Black "aidogael"]
[WhiteElo "1315"]
[BlackElo "1135"]
[PlyCount "107"]
[Result "1/2-1/2"]

1.e4 e5 2.Nf3 Nc6 3.Bc4 Bc5 4.Nc3 Nf6 5.Ng5 O-O 
6.d3 d6 7.h3 a6 8.a3 b5 9.Bd5 Nxd5 10.exd5 Ne7 
11.O-O c6 12.dxc6 Nxc6 13.Nce4 Bd4 14.c3 Bb6 
15.Be3 Bxe3 16.fxe3 f6 17.Nf3 a5 18.Qb3+ Kh8 
19.Qxb5 Ne7 20.Qb3 Ba6 21.c4 Rb8 22.Qc3 Qb6 
23.Rfe1 Qxb2 24.Qxb2 Rxb2 25.Nxd6 Rb6 26.c5 Rb3 
27.d4 exd4 28.exd4 Nd5 29.Re6 Nf4 30.Re4 Nxh3+ 
31.gxh3 Rxf3 32.Rae1 h6 33.R4e8 Rxe8 34.Rxe8+ Kh7 
35.Ra8 Bf1 36.Rxa5 Bxh3 37.c6 Rc3 38.d5 g5 39.Nb5 
Rc5 40.Ra7+ Kg6 41.Nc7 h5 42.Ra6 h4 43.d6 Kf7 
44.d7 Ke7 45.Ne8 Bxd7 46.cxd7 Kxd7 47.Nxf6+ Kc7 
48.Ne4 Re5 49.Nf2 Kb7 {(offering draw)}  50.Nd3 
Kxa6 51.Nxe5 Ka5 52.Nc4+ Ka4 53.Kg2 Kb3 54.Nd2+ 
{(offering draw)}  1/2-1/2

[Event "HCL-A2579"]
[Site "www.playchess.de"]
[Date "2006.02.03"]
[Round "10"]
[White "peta"]
[Black "maus"]
[WhiteElo "1403"]
[BlackElo "1367"]
[PlyCount "80"]
[Result "0-1"]

1.e4 e5 2.Nf3 d6 3.Be2 Nf6 4.Nc3 Be7 5.O-O O-O 
6.d3 Be6 7.d4 exd4 8.Nxd4 Bd7 9.Bd3 Bg4 10.f3 c5 
11.Nde2 Be6 12.Qe1 Qb6 13.Bb5 a6 14.Ba4 Qa7 15.Nf4 
b5 16.Bb3 c4+ 17.Kh1 cxb3 18.Nxe6 fxe6 19.cxb3 Nc6 
20.a4 b4 21.Ne2 a5 22.Ng3 Nd4 23.Be3 d5 24.exd5 
Bc5 25.Rc1 Nxb3 26.Bxc5 Nxc5 27.Qe3 Nxa4 28.Qxe6+ 
Qf7 29.Rc7 Qxe6 30.dxe6 Nxb2 31.Ne4 Nxe4 
{!!!??....}  32.Rb1 Nd3 33.Kg1 Nec5 34.e7 Rfe8 
35.Rd1 Kf7 36.f4 Rxe7 37.Rc6 b3 38.Rb6 b2 39.Kf1 
a4 40.Rd2 Re1+ 0-1

[Event "HCL-A2579"]
[Site "www.playchess.de"]
[Date "2006.02.03"]
[Round "6"]
[White "Nulnulnix"]
[Black "peta"]
[WhiteElo "1297"]
[BlackElo "1403"]
[PlyCount "79"]
[Result "1-0"]

1.e4 {Hi, enjoy this game}  e5 {Hi Nulnulnix,same 
to you}  2.Bc4 Nf6 3.d3 d6 4.Nc3 h6 5.f4 Nc6 6.Nf3 
a6 7.f5 Na5 8.Ne2 Nxc4 9.dxc4 Nxe4 10.Ng3 Nxg3 
11.hxg3 Bxf5 12.Nh4 Be6 13.b3 Be7 14.Qe2 d5 
15.cxd5 Qxd5 16.Bb2 e4 17.O-O Bc5+ 18.Kh1 h5 
19.Rad1 Qc6 20.Nf5 O-O 21.Qxh5 Bxf5 22.Rxf5 Be3 
23.Qe2 Qg6 24.g4 Bf4 25.Qxe4 Bg3 26.Qf3 Bd6 27.Qh3 
f6 28.b4 Rad8 29.Qb3+ Rf7 30.Rd4 Kf8 31.Rh5 Ke7 
32.c4 Qb1+ 33.Rd1 Qe4 34.c5 Be5 35.Bxe5 Qxg4 
36.Bxf6+ Rxf6 37.Re5+ Re6 38.Qxe6+ Qxe6 39.Rxe6+ 
Kxe6 40.Rxd8 {Ufff.
the spectacular and thrilling part is 
over.
Is the rest a simple workout ?} 
 1-0

[Event "HCL-C4146"]
[Site "www.playchess.de"]
[Date "2006.02.03"]
[Round "3"]
[White "Skipper_Robert"]
[Black "epenz"]
[WhiteElo "986"]
[BlackElo "932"]
[PlyCount "46"]
[Result "0-1"]

1.e4 e5 2.Nf3 Nc6 3.Nc3 d6 4.d4 Bg4 5.Be2 Bxf3 
6.Bxf3 Nxd4 7.Nd5 c6 8.Ne3 d5 9.exd5 Nxf3+ 10.Qxf3 
c5 11.c4 Bd6 12.O-O Nf6 13.Nf5 O-O 14.Qg3 g6 
15.Nh6+ Kh8 16.Bd2 a6 17.Rae1 Ng8 18.Rxe5 Nxh6 
19.Bxh6 Rg8 20.Qc3 Bxe5 21.Qxe5+ f6 22.Qd4 cxd4 
{einen Fehler?}  23.Re1 {ojeh, wie dumm von mir, 
die wollte ich eigentlich gewinnen!}  Re8 
{vielleicht zu schnell gespielt...} 
 0-1

[Event "HCL-E1542"]
[Site "www.playchess.de"]
[Date "2006.02.03"]
[Round "10"]
[White "Josef1901"]
[Black "mkefeli"]
[WhiteElo "1562"]
[BlackElo "1802"]
[PlyCount "106"]
[Result "0-1"]

1.d4 d5 2.c4 e6 3.Nf3 c6 4.e3 Nf6 5.Nc3 Bb4 6.Bd3 
O-O 7.O-O Nbd7 8.Bd2 dxc4 9.Bxc4 b5 10.Bb3 a6 
11.Rc1 c5 12.a3 Ba5 13.h3 Bb7 14.Bc2 Rc8 15.Bb1 
cxd4 16.Nxd4 Ne5 17.Nce2 Nc4 18.Bxa5 Qxa5 19.Qb3 
Nd2 20.Qd3 Nxf1 21.Rxf1 Be4 22.Qb3 Bxb1 23.Rxb1 
Rc4 24.Nc3 Rfc8 25.Rd1 b4 26.axb4 Qxb4 27.Qxb4 
Rxb4 28.Rd2 Kf8 29.Kf1 a5 30.Ke2 a4 31.Ndb5 Rc5 
32.Na3 Ke7 33.f3 Nd5 34.Nxd5+ Rxd5 35.Rc2 h5 36.g4 
hxg4 37.hxg4 g5 38.Rc7+ Kd6 39.Rc2 f5 40.gxf5 exf5 
41.Nc4+ Ke6 42.Nd2 Rh4 43.e4 Rh2+ 44.Ke1 fxe4 
45.fxe4 Rdxd2 46.Rxd2 Rxd2 47.Kxd2 Ke5 48.Ke3 g4 
49.Kd3 g3 50.Ke3 g2 51.Kf2 Kxe4 52.Kxg2 Kd3 53.Kf2 
Kc2 0-1

[Event "HCL-B3697"]
[Site "www.playchess.de"]
[Date "2006.02.03"]
[Round "17"]
[White "ppadala"]
[Black "zemljanin"]
[WhiteElo "1243"]
[BlackElo "1360"]
[PlyCount "56"]
[Result "0-1"]

1.e4 c5 2.d4 e6 3.Nf3 a6 4.d5 exd5 5.exd5 d6 6.Bd3 
Bg4 7.O-O f6 8.Bf4 g5 9.Bg3 Ne7 10.c4 Nf5 11.Qc2 
Nxg3 12.fxg3 Qc7 13.Nbd2 Nd7 14.h3 Bxf3 15.Rxf3 h5 
16.Ne4 Bg7 17.Re1 O-O-O 18.a3 Rhe8 19.b4 Ne5 
20.Rff1 Ref8 21.bxc5 dxc5 22.Reb1 Qe7 23.Be2 g4 
24.d6 Rxd6 25.Nxd6+ Qxd6 26.hxg4 Qd4+ 27.Kh1 hxg4 
28.Rf2 Qxf2 0-1

[Event "HCL-E1569"]
[Site "www.playchess.de"]
[Date "2006.02.03"]
[Round "23"]
[White "hal1958"]
[Black "alldrix"]
[WhiteElo "1431"]
[BlackElo "1624"]
[PlyCount "88"]
[Result "0-1"]

1.b4 {have a nice game}  e6 {likewise}  2.Bb2 f5 
3.e3 Nf6 4.a3 Be7 5.c4 O-O 6.Nf3 b6 7.Be2 Bb7 
8.O-O c5 9.b5 d6 10.d4 Nbd7 11.Nbd2 Qc7 12.Nb3 h6 
13.h3 e5 14.d5 a6 15.a4 Ne4 16.Nfd2 Ndf6 17.Nxe4 
Nxe4 18.Bd3 Ng5 19.Nd2 e4 20.Be2 Bf6 21.Bxf6 Rxf6 
22.Qc2 a5 23.f3 exf3 24.Nxf3 Qe7 25.Qd3 Nxf3+ 
26.Rxf3 Raf8 27.Raf1 Bc8 28.Qc2 Qe5 29.Bd3 g6 
30.g4 fxg4 31.R3xf6 Rxf6 32.Rxf6 Qxf6 33.hxg4 Bxg4 
34.Bxg6 Bf3 35.Bd3 Qg5+ 36.Kf1 Qxe3 37.Bh7+ Kh8 
38.Bf5 Qe5 39.Be6 Be4 40.Qc1 Kg7 41.Qd1 Qf4+ 
42.Ke1 Qe3+ 43.Qe2 Qxe2+ 44.Kxe2 
Bc2 0-1

[Event "HCL-E1564"]
[Site "www.playchess.de"]
[Date "2006.02.03"]
[Round "15"]
[White "Matu"]
[Black "XANDERKIRV"]
[WhiteElo "1538"]
[BlackElo "1468"]
[PlyCount "71"]
[Result "1-0"]

1.e4 c5 2.c3 e6 3.f4 a6 4.Nf3 Nc6 5.a3 d6 6.d4 
cxd4 7.Nxd4 Nxd4 8.cxd4 Be7 9.Be3 Nf6 10.Nc3 O-O 
11.Be2 b5 12.e5 dxe5 13.dxe5 Qxd1+ 14.Rxd1 Nd7 
15.Ne4 f5 16.Nd6 Bxd6 17.Rxd6 Re8 18.Bf3 Rb8 
19.Ba7 Kf7 20.Kf2 Ke7 21.Rhd1 a5 22.Bxb8 Nxb8 
23.Ke3 Na6 24.Bc6 Rg8 25.Bxb5 Nc5 26.b4 axb4 
27.axb4 Ne4 28.R6d3 g5 29.g3 gxf4+ 30.gxf4 Rg2 
31.Bc6 Rxh2 32.Bxe4 fxe4 33.Kxe4 Ba6 34.R3d7+ Kf8 
35.Ra7 Bc4 36.Rd8+ 1-0

[Event "HCL-B3593"]
[Site "www.playchess.de"]
[Date "2006.02.03"]
[Round "5"]
[White "MC-Ejnar"]
[Black "zulu"]
[WhiteElo "1138"]
[BlackElo "1359"]
[PlyCount "94"]
[Result "0-1"]

1.e4 {Hallo there.}  c5 {best of luck}  2.Bc4 d6 
3.Qf3 Nf6 4.Nc3 Nc6 5.Nd5 Ne5 6.Nxf6+ gxf6 7.Qb3 
Bh6 8.Nf3 Nxc4 9.Qxc4 Be6 10.Qb5+ Qd7 11.Qxd7+ 
Kxd7 12.d3 Bxc1 13.Rxc1 b5 14.b3 Rhg8 15.O-O Rg4 
16.g3 h5 17.Nh4 Rag8 18.Nf5 Bxf5 19.exf5 Rf4 
20.Rcd1 h4 21.Kg2 Rxf5 22.d4 hxg3 23.hxg3 Kc7 
24.c4 cxd4 25.Rxd4 a6 26.a4 Rh8 27.axb5 axb5 
28.cxb5 Rxb5 29.b4 e5 30.Rc4+ Kd7 31.f4 d5 32.Rcc1 
e4 33.Rc5 Rxc5 34.bxc5 {Merry christmas}  f5 
{MERRY CHRISTMAS}  35.Ra1 Kc6 36.Ra7 Rf8 37.Ra5 d4 
38.Kf2 Rg8 39.Ra7 Rg7 40.Ra6+ Kxc5 41.Ra5+ Kc4 
42.Rxf5 Rh7 43.Re5 Kd3 44.Ra5 Rh2+ 45.Kg1 Rc2 
46.Rh5 e3 47.g4 Ke4 0-1

[Event "HCL-M889"]
[Site "www.playchess.de"]
[Date "2006.02.03"]
[Round "10"]
[White "CaballoVerde"]
[Black "RSoares"]
[WhiteElo "1781"]
[BlackElo "1507"]
[PlyCount "51"]
[Result "1-0"]

1.d4 {Boa! Entraste! Este torneio vai ser fixe p 
nos safarmos.}  Nf6 {Esperemos que sim! Boa 
sorte.}  2.Nf3 d5 3.c4 c6 4.Nc3 dxc4 5.e4 b5 6.a3 
Bg4 7.Be2 e6 8.h3 Bxf3 9.Bxf3 Nbd7 10.O-O a6 
11.Bf4 Nb6 12.Rc1 g6 13.Bg5 Be7 14.Bxf6 Bxf6 15.e5 
Bg5 16.Bxc6+ Ke7 17.f4 Bh6 18.Bxa8 Qxa8 19.a4 Nd5 
20.Qd2 Nxc3 21.bxc3 Qe4 22.Qf2 Kd7 23.d5 exd5 
24.Qa7+ Kc6 25.axb5+ Kxb5 26.Rcb1+ 1-0

[Event "HCL-B3747"]
[Site "www.playchess.de"]
[Date "2006.02.03"]
[Round "6"]
[White "Tofik"]
[Black "superyetkin"]
[WhiteElo "1346"]
[BlackElo "1278"]
[PlyCount "97"]
[Result "1/2-1/2"]

1.e4 {Hi, have a nice game!}  d5 {you too}  2.exd5 
Qxd5 3.Nc3 Qe6+ 4.Be2 Nc6 5.Nf3 Nf6 6.O-O Qd7 7.d4 
Nd5 8.Nxd5 Qxd5 9.c4 Qd8 10.a3 Bg4 11.d5 Bxf3 
12.Bxf3 Ne5 13.Be2 e6 14.dxe6 Qxd1 15.exf7+ Nxf7 
16.Rxd1 Bd6 17.b4 O-O-O 18.Be3 Be5 19.Bxa7 b6 
20.Rxd8+ Rxd8 21.Rd1 Rxd1+ 22.Bxd1 Kb7 23.Bxb6 
Kxb6 24.a4 Bc3 25.b5 Nd6 26.Bc2 g6 27.Bd3 Kc5 
28.f4 Nxc4 29.Kf2 Nb2 30.Bc2 Kb4 31.Bb3 Nxa4 
32.Bg8 h6 33.h4 Bf6 34.g3 Kxb5 35.Bh7 g5 36.hxg5 
hxg5 37.fxg5 Bxg5 38.Kf3 c5 39.Bc2 c4 40.Ke4 c3 
41.Kf5 Bd2 42.g4 Nb6 43.g5 Nd5 44.Kg6 Ne3 45.Bd3+ 
Kc5 46.Kf7 Ng4 47.g6 Nh6+ 48.Kf8 Kb4 49.g7 
{(offering draw) It seems like draw isn't it?} 
 1/2-1/2

[Event "HCL-A2540"]
[Site "www.playchess.de"]
[Date "2006.02.03"]
[Round "30"]
[White "tiit145"]
[Black "yannick"]
[WhiteElo "1475"]
[BlackElo "1627"]
[PlyCount "85"]
[Result "1-0"]

1.d4 {Hello!}  d5 {hi again}  2.Bd2 Nc6 3.e3 e5 
4.c3 Nf6 5.Qb3 Bd6 6.Nf3 e4 7.Ng1 O-O 8.Ne2 Na5 
9.Qc2 Bd7 10.b3 {Hello!Happy New Year! Tiit}  Qe7 
{thanks U 2 I thought you disapered after such a 
long time}  11.c4 Bb4 12.cxd5 Nxd5 13.Ng3 Rae8 
14.a3 Bxd2+ 15.Nxd2 f5 16.Bc4 Bc6 17.Ne2 Nxc4 
18.Nxc4 Qg5 19.g3 Red8 20.O-O f4 21.h4 Qh5 22.Nxf4 
Nxf4 23.exf4 Rxd4 24.Ne5 Rf6 25.Rad1 Rxd1 26.Rxd1 
Rd6 27.Rxd6 cxd6 28.Nxc6 bxc6 29.Qxe4 Kf7 30.Qxc6 
Qc5 31.Qxc5 dxc5 32.g4 Ke6 33.Kg2 Kd5 34.Kf3 c4 
35.bxc4+ Kxc4 36.Ke4 Kb3 37.f5 Kxa3 38.g5 a5 39.f6 
g6 40.f7 a4 41.f8Q+ Kb3 42.Kd3 a3 
43.Qb8+ 1-0

[Event "HCL-C4063"]
[Site "www.playchess.de"]
[Date "2006.02.03"]
[Round "18"]
[White "KristeK"]
[Black "cheloveck"]
[WhiteElo "800"]
[BlackElo "976"]
[PlyCount "100"]
[Result "1/2-1/2"]

1.d4 e6 2.e4 b6 3.c3 Bb7 4.e5 f6 5.exf6 Nxf6 6.Bg5 
Nc6 7.Bxf6 Qxf6 8.Qf3 O-O-O 9.Qxf6 gxf6 10.Nd2 Rg8 
11.Ngf3 Bh6 12.O-O-O Rde8 13.Bc4 Ne7 14.Rhg1 Bxd2+ 
15.Kxd2 Nd5 16.Kc1 Nf4 17.Ne1 Nxg2 18.Nxg2 Rxg2 
19.Rxg2 Bxg2 20.Rg1 Be4 21.b4 e5 22.dxe5 fxe5 
23.Bf7 Rf8 24.Bc4 Rxf2 25.Ba6+ Kd8 26.Rg8+ Ke7 
27.Rg4 Bg6 28.h4 Rc2+ 29.Kd1 Rxa2 30.Bc4 Bh5 
31.Bxa2 Bxg4+ 32.Kd2 c5 33.b5 d6 34.Bb1 h6 35.Ke3 
d5 36.Kf2 Kf6 37.Bc2 Bf5 38.Bb3 d4 39.c4 e4 40.Kg3 
Ke5 41.Kf2 Kf4 42.Bd1 Bg4 43.Bc2 e3+ 44.Ke1 Kg3 
45.Be4 Kxh4 46.Bd3 Kg3 47.Be4 h5 48.Bg6 h4 49.Be4 
h3 50.Bg2 hxg2 1/2-1/2

[Event "HCL-B3836"]
[Site "www.playchess.de"]
[Date "2006.02.03"]
[Round "12"]
[White "riziotis"]
[Black "ama49"]
[WhiteElo "1307"]
[BlackElo "1183"]
[PlyCount "53"]
[Result "1-0"]

1.e4 {hello good luck}  e5 {Hello again!}  2.Nf3 
{nice to meet you again}  Nc6 3.Bc4 Nf6 4.O-O d5 
5.exd5 Na5 6.Bb5+ Bd7 7.Bxd7+ Qxd7 8.Nxe5 Qxd5 
9.Nc3 Qd6 10.Re1 Be7 11.Nb5 Qb6 12.a4 O-O 13.d4 
Rad8 14.Bd2 Rfe8 15.Bxa5 Qxa5 16.Nc4 Qb4 17.c3 
Qxc4 18.b3 Qd5 19.Re5 Qd7 20.Nxa7 Nd5 21.Nb5 Bf6 
22.Rxd5 Qxd5 23.Nxc7 Qxb3 24.Qxb3 Re2 25.Qxb7 Rd7 
26.a5 Bxd4 27.Qc8+ 1-0

[Event "HCL-C4110"]
[Site "www.playchess.de"]
[Date "2006.02.03"]
[Round "1"]
[White "longino"]
[Black "nichju"]
[WhiteElo "1138"]
[BlackElo "1034"]
[PlyCount "71"]
[Result "1-0"]

1.c4 e5 2.e3 Nc6 3.a3 Nf6 4.g3 Bc5 5.Bg2 d5 6.cxd5 
Nxd5 7.d3 O-O 8.Ne2 Bg4 9.O-O f5 10.Qc2 f4 11.exf4 
exf4 12.Nxf4 Nxf4 13.Bxf4 b6 14.Bxc6 Rb8 15.Bg2 
Qd4 16.Bxc7 Rbc8 17.Bf4 a5 18.Nc3 Bf5 19.Rad1 Bg4 
20.Rdc1 Bf5 21.Rcd1 Rcb8 22.Nb5 Bxd3 23.Rxd3 Qf6 
24.Rfd1 Rbe8 25.Nc7 Rec8 26.Qd2 h6 27.Ne6 Qxe6 
28.Bd5 Qxd5 29.Rxd5 Be7 30.Rd7 Bc5 31.Qd3 h5 
32.Qg6 Bxf2+ 33.Kxf2 Rxf4+ 34.gxf4 Rc2+ 35.R1d2 
Rxd2+ 36.Rxd2 1-0

[Event "HCL-E1519"]
[Site "www.playchess.de"]
[Date "2006.02.03"]
[Round "27"]
[White "Abra"]
[Black "PLAYCHESS1963"]
[WhiteElo "1561"]
[BlackElo "1761"]
[PlyCount "110"]
[Result "0-1"]

1.e4 {Hello again,gg
}  c5 {hi}  2.Nf3 d6 3.Bb5+ Bd7 4.Bxd7+ Qxd7 5.h3 
Nc6 6.c3 Nf6 7.d3 e5 8.a3 a5 9.Bg5 Be7 10.Nbd2 b5 
11.b3 O-O 12.O-O Rfd8 13.Qe2 d5 14.Rad1 h6 15.Bh4 
d4 16.c4 b4 17.a4 Ne8 18.Bxe7 Qxe7 19.Nh2 Nd6 
20.f4 f5 21.exf5 Nxf5 22.Rf3 Ne3 23.fxe5 Nxd1 
24.Qxd1 Nxe5 25.Rg3 Qh4 26.Qe1 Qe7 27.Ng4 Rde8 
28.Nxh6+ Kh8 29.Nf5 Qf6 30.Nxg7 Nf3+ 31.Nxf3 Rxe1+ 
32.Nxe1 Rg8 33.Nh5 Qe6 34.Rxg8+ Kxg8 35.Nf3 Qe3+ 
36.Kh2 Qxd3 37.Nf4 Qxb3 38.Ne5 Qxa4 39.Nfd3 Qe8 
40.Ng4 Qb8+ 41.Kg1 b3 42.Nf6+ Kh8 43.Nd7 Qg3 
44.N7xc5 a4 45.Nxa4 Qxd3 46.c5 b2 47.Nxb2 Qb1+ 
48.Kf2 Qxb2+ 49.Kf3 d3 50.g4 d2 51.Kf4 d1Q 52.g5 
Qe1 53.c6 Qbe5+ 54.Kg4 Q1g3+ 55.Kh5 
Qexg5+ 0-1

[Event "HCL-E1568"]
[Site "www.playchess.de"]
[Date "2006.02.03"]
[Round "10"]
[White "alldrix"]
[Black "Chuck_Ventimiglia"]
[WhiteElo "1621"]
[BlackElo "2000"]
[PlyCount "78"]
[Result "0-1"]

1.e4 {hi!}  c5 {Hello and nice to meet you!!}  
2.b4 {likewise :)}  cxb4 3.d4 d5 4.exd5 Nf6 5.Bd3 
Nxd5 6.Nf3 Bg4 7.Nbd2 Nc6 8.h3 Nc3 9.hxg4 Nxd1 
10.Kxd1 e6 {Would you like to start 2 more games 
one as White and one as Black?}  11.Bb2 {sure, 
enter in this tournament http://www.playchess.de/tournaments/HCL-E1573} 
 f6 {I do not think I can!!  I am a new member and 
have only 2 open games left.
I probably will be getting a premium membership 
soon.  Right now I have only 2 open games.}  
12.Re1 {ok, i will chanlenge you.. tell me the 
better time.. 5/24? 10/24? let's play faster? 
2/24?}  Qd7 13.Bc4 Be7 {Challenge me with the 
fastest time you want.  Thanks!!  Chuck}  14.Bxe6 
Qc7 15.g5 Nd8 16.Bb3 fxg5 17.Nxg5 Kf8 18.Nge4 a5 
19.a3 a4 20.Bc4 Rb8 21.axb4 b5 22.Ba2 Bxb4 23.Rb1 
Rc8 24.c3 Be7 25.Rc1 Nc6 26.Nf3 Qf4 27.Rc2 Qg4 
28.Rce2 Rd8 29.Ng3 b4 30.R2e4 {i had a problem 
when i resigned  that game, that's why two 
messages}  Qc8 {Ok, thanks!!}  31.Rf4+ Bf6 32.Be6 
Qa6 33.Kd2 a3 34.Bc1 bxc3+ 35.Kxc3 Qa5+ 36.Kb3 
Rb8+ 37.Kc4 Nb4 38.Ne4 Qb5+ 39.Kc3 
Qd3+ 0-1

[Event "ACL-A641"]
[Site "www.playchess.de"]
[Date "2006.02.03"]
[Round "9"]
[White "BDG_Girl"]
[Black "JEB_Stuart"]
[WhiteElo "1753"]
[BlackElo "1745"]
[PlyCount "47"]
[Result "1/2-1/2"]

1.d4 {Hello and good luck!}  d5 {Hello and good 
luck to you!}  2.e4 dxe4 3.Nc3 Nf6 4.f3 exf3 
5.Nxf3 Bg4 6.h3 Bxf3 7.Qxf3 c6 8.Be3 Nbd7 9.Bd3 e6 
10.O-O Be7 11.Ne4 Qc7 {Merry Christmas and Happy 
New Year!}  12.Bf4 Qb6 13.Be3 O-O-O 14.a4 Nxe4 
15.a5 Qc7 16.Bxe4 f5 17.Bd3 Rhe8 18.a6 b6 19.Rae1 
Bf6 20.c3 g6 21.g4 fxg4 22.hxg4 Bh4 23.Red1 e5 
24.Qg2 {(offering draw)}  1/2-1/2

[Event "HCL-C4047"]
[Site "www.playchess.de"]
[Date "2006.02.03"]
[Round "10"]
[White "IRONMAIDEN"]
[Black "Milosforman"]
[WhiteElo "1405"]
[BlackElo "861"]
[PlyCount "107"]
[Result "1-0"]

1.e4 c5 2.Nc3 e6 3.Bc4 a6 4.d3 Nf6 5.Bg5 Be7 6.Qf3 
h6 7.Bh4 b5 8.Bb3 b4 9.Nce2 d6 10.c3 g5 11.Bg3 d5 
12.exd5 Nxd5 13.d4 Nc6 14.Ba4 Bd7 15.Qd3 bxc3 
16.bxc3 Qa5 17.Bb3 Ra7 18.Nf3 g4 19.Nd2 f6 20.O-O 
f5 21.Bxd5 exd5 22.Nf4 Kf7 23.Rab1 h5 24.Nxd5 Bg5 
25.Rfe1 h4 26.Be5 Nxe5 27.dxe5 Be6 28.Rb2 h3 29.g3 
Rd7 30.c4 Bxd5 31.cxd5 Bxd2 32.Rxd2 c4 33.Qxf5+ 
Ke8 34.Qg6+ Kd8 35.Qf6+ Kc7 36.d6+ Kc6 37.Ree2 Qa3 
38.Rd1 Qf3 39.Qxf3+ gxf3 40.Re3 Re8 41.Kf1 c3 
42.Rc1 Kd5 43.Rcxc3 Kd4 44.Rca3 Rxe5 45.Rxe5 Kxe5 
46.Rxa6 Rb7 47.Ke1 {oh, almost trapped myself}  
Rb1+ {almost... ;o)}  48.Kd2 Rh1 49.d7 Rxh2 50.d8Q 
Rxf2+ 51.Ke3 h2 52.Qf6+ Kd5 53.Ra5+ Kc4 
54.Qd4+ 1-0

[Event "HCL-B3650"]
[Site "www.playchess.de"]
[Date "2006.02.03"]
[Round "14"]
[White "scotty4u"]
[Black "Pineywoods"]
[WhiteElo "1295"]
[BlackElo "1226"]
[PlyCount "89"]
[Result "1/2-1/2"]

1.e4 c5 2.Nf3 d6 3.Nc3 Nf6 4.d4 cxd4 5.Nxd4 g6 
6.Bc4 Bg7 7.O-O O-O 8.f3 a6 9.Be3 e5 10.Nde2 Nc6 
11.a3 b5 12.Bd5 Bb7 13.Ba2 Qc7 14.Nd5 Nxd5 15.Bxd5 
Rad8 16.c3 Ne7 17.Bxb7 Qxb7 18.b3 f5 19.exf5 Nxf5 
20.Bf2 d5 21.Rc1 Bh6 22.Rc2 Be3 23.Ng3 Nxg3 
24.hxg3 Bxf2+ 25.Rfxf2 Rf7 26.f4 e4 27.Qd4 Re7 
28.Rce2 Qd7 29.Rf1 Qe6 30.Re3 Qd6 31.Rd1 Red7 
32.b4 Kf7 33.Rf1 Qf6 34.Qxf6+ Kxf6 35.g4 Re8 36.f5 
g5 37.Rfe1 Rde7 38.g3 h6 39.Kf2 Rd7 40.R3e2 Rc7 
41.Rc1 Rd7 42.Ke3 Ke5 43.Rf1 Rf8 44.Rh2 Rh7 
45.Rfh1 {(offering draw)}  1/2-1/2

[Event "HCL-B3830"]
[Site "www.playchess.de"]
[Date "2006.02.03"]
[Round "6"]
[White "Iron_Flower"]
[Black "nichju"]
[WhiteElo "1255"]
[BlackElo "998"]
[PlyCount "65"]
[Result "1-0"]

1.d4 {Hi, from Leeuwarden, the Netherlands}  d5 
{Greetings from Allendorf near Frankfurt}  2.c4 e6 
3.Nc3 Bb4 4.Bd2 Nc6 5.a3 Bxc3 6.Bxc3 Nf6 7.e3 O-O 
8.Nf3 b6 9.b4 Ne4 10.Bb2 Ba6 11.b5 Bxb5 12.cxb5 
Ne7 13.Bd3 f5 14.O-O Qd6 15.Ne5 Rf6 16.Rc1 Ng6 
17.f4 Nh4 18.g3 Ng6 19.Rc6 Qd8 20.Nxg6 Rxg6 21.Be2 
Qh4 22.Rxe6 Qh6 23.Rxg6 Qxg6 24.Bf3 Ng5 25.Bh5 Qe6 
26.Qe2 Nh3+ 27.Kg2 Nxf4+ 28.Rxf4 g5 29.Rf1 Qe4+ 
30.Qf3 Qc2+ 31.Rf2 Qb1 32.Qxf5 Rf8 
33.Qxf8+ 1-0

[Event "HCL-B3874"]
[Site "www.playchess.de"]
[Date "2006.02.03"]
[Round "1"]
[White "Ebaw"]
[Black "kolmar"]
[WhiteElo "1351"]
[BlackElo "991"]
[PlyCount "32"]
[Result "0-1"]

1.e4 e5 2.Nf3 Nc6 3.d4 exd4 4.Nxd4 Bc5 5.Be3 Nxd4 
6.Bxd4 Bxd4 7.Qxd4 Nf6 8.e5 Qe7 9.Be2 c5 10.Qc3 
Ne4 11.Qf3 Qxe5 12.c3 O-O 13.O-O d5 14.Rd1 b6 
15.Nd2 Nf6 16.Bb5 Bg4 0-1

[Event "HCL-A2580"]
[Site "www.playchess.de"]
[Date "2006.02.03"]
[Round "10"]
[White "Walter_Vieira"]
[Black "Mr_Bill"]
[WhiteElo "1548"]
[BlackElo "1650"]
[PlyCount "33"]
[Result "1-0"]

1.e4 {Hi. Good luck!!}  e6 {Thanks...I'll probably 
need it!}  2.d4 d5 3.Nc3 Bb4 4.e5 c5 5.a3 Ba5 6.b4 
cxb4 7.Nb5 bxa3+ 8.c3 Bxc3+ 9.Nxc3 Ne7 10.Bb5+ Bd7 
11.Nge2 a6 12.Bxd7+ Qxd7 13.Bxa3 b5 14.Bxe7 Kxe7 
{a few more moves and I'll probably resign...I 
hate it when I conclude a game is over at move 5}  
15.O-O {Don't worry. Chess requires patience and 
concentration. Mistakes can occur anytime, for 
both sides...}  Qb7 16.f4 g6 17.Qe1 1-0